Hands-on AI with java : (Record no. 300807)
[ view plain ]
| 000 -LEADER | |
|---|---|
| fixed length control field | 00656nam a2200241Ia 4500 |
| 008 - FIXED-LENGTH DATA ELEMENTS--GENERAL INFORMATION | |
| fixed length control field | 160901s9999 xx 000 0 und d |
| 020 ## - INTERNATIONAL STANDARD BOOK NUMBER | |
| International Standard Book Number | 0-07-142496-2 |
| 050 ## - LIBRARY OF CONGRESS CALL NUMBER | |
| Classification number | ComSc QA 76.73 |
| 050 ## - LIBRARY OF CONGRESS CALL NUMBER | |
| Item number | .J38W57 2004 |
| 100 ## - MAIN ENTRY--PERSONAL NAME | |
| Personal name | Wise, Edwin. |
| 245 ## - TITLE STATEMENT | |
| Title | Hands-on AI with java : |
| 245 ## - TITLE STATEMENT | |
| Remainder of title | smart gaming, robotics, and more / |
| 245 ## - TITLE STATEMENT | |
| Statement of responsibility, etc | Edwin Wise. |
| 260 ## - PUBLICATION, DISTRIBUTION, ETC. (IMPRINT) | |
| Place of publication, distribution, etc | New York : |
| 260 ## - PUBLICATION, DISTRIBUTION, ETC. (IMPRINT) | |
| Name of publisher, distributor, etc | McGraw-Hill., |
| 260 ## - PUBLICATION, DISTRIBUTION, ETC. (IMPRINT) | |
| Date of publication, distribution, etc | 2004 |
| 300 ## - PHYSICAL DESCRIPTION | |
| Extent | 340 pages : |
| 300 ## - PHYSICAL DESCRIPTION | |
| Other physical details | ill. ; |
| 300 ## - PHYSICAL DESCRIPTION | |
| Dimensions | 23 cm. |
| 500 ## - GENERAL NOTE | |
| General note | Includes bibliographical references and index. |
| 650 ## - SUBJECT ADDED ENTRY--TOPICAL TERM | |
| Topical term or geographic name as entry element | Java (Computer program language). |
| 650 ## - SUBJECT ADDED ENTRY--TOPICAL TERM | |
| General subdivision | Artificial intelligence. |
| Withdrawn status | Lost status | Damaged status | Home library | Current library | Shelving location | Date acquired | Cost, normal purchase price | Total Checkouts | Full call number | Barcode | Date last seen | Price effective from | Koha item type |
|---|---|---|---|---|---|---|---|---|---|---|---|---|---|
| South Mansfield College | South Mansfield College | 03/07/2005 | 2.00 | ComSc QA 76.73 .J38W57 2004 | SMC01905 | 09/01/2016 | 09/01/2016 |